60 Random Missing Capitals on the World Map - Statistics

General Stats
  • This quiz has been taken 38 times
  • The average score is 45 of 60
Answers on the Map
Answers color-coded by a green-red scale on the quiz's map according to % correct below.
 
Answer Stats
Capital % Correct
Abu Dhabi
100%
Abuja
100%
Algiers
100%
Andorra la Vella
100%
Apia
100%
Ashgabat
100%
Athens
100%
Baghdad
100%
Bangkok
100%
Bangui
100%
Beijing
100%
Belgrade
100%
Bogotá
100%
Brasília
100%
Brazzaville
100%
Brussels
100%
Buenos Aires
100%
Cairo
100%
Canberra
100%
Djibouti
100%
Dublin
100%
Guatemala City
100%
Hanoi
100%
Helsinki
100%
Honiara
100%
Jakarta
100%
Juba
100%
Kathmandu
100%
Khartoum
100%
Kuwait City
100%
Libreville
100%
Lima
100%
Lisbon
100%
Lomé
100%
Madrid
100%
Monaco
100%
Moroni
100%
Nairobi
100%
Naypyidaw
100%
Niamey
100%
Oslo
100%
Ottawa
100%
Port Moresby
100%
Port Vila
100%
Praia
100%
Quito
100%
Reykjavík
100%
San Marino
100%
Santiago
100%
Seoul
100%
Sri Jayawardenepura Kotte
100%
Tallinn
100%
Tokyo
100%
Ulaanbaatar
100%
Valletta
100%
Vientiane
100%
Wellington
100%
Astana
89%
Ljubljana
89%
Sofia
89%
Funafuti
88%
Bishkek
86%
Kingstown
86%
Moscow
86%
Asunción
83%
Bucharest
83%
Caracas
83%
Dodoma
83%
Freetown
83%
Kingston
83%
Managua
83%
Nouakchott
83%
Port Louis
83%
Porto-Novo or Cotonou
83%
Sarajevo
83%
Havana
82%
Antananarivo
80%
Bamako
80%
Ciudad de la Paz
80%
Harare
80%
Kigali
80%
London
80%
Manama
80%
Ngerulmud
80%
Nukuʻalofa
80%
Phnom Penh
80%
Windhoek
80%
Yerevan
80%
Bridgetown
78%
Georgetown
78%
Amsterdam
75%
Ankara
75%
Asmara
75%
Berlin
75%
Chișinău
75%
Dakar
75%
La Paz or Sucre
75%
Luanda
75%
Mexico City
75%
Podgorica
75%
Pristina
75%
Rabat
75%
Stockholm
75%
Thimphu
75%
Tripoli
75%
Vilnius
75%
Washington D.C.
75%
Yaoundé
75%
Baku
71%
Jerusalem
71%
Kinshasa
71%
Manila
71%
Minsk
71%
Ouagadougou
71%
Skopje
71%
Amman
67%
Belmopan
67%
Bissau
67%
Budapest
67%
Castries
67%
Copenhagen
67%
Dili
67%
Dushanbe
67%
Gaborone
67%
Gitega
67%
Kabul
67%
Kuala Lumpur
67%
Lusaka
67%
Mogadishu
67%
Montevideo
67%
N'Djamena
67%
Paris
67%
Prague
67%
Riga
67%
Rome / Vatican
67%
Sana'a
67%
San Salvador
67%
Taipei
67%
Tbilisi
67%
Tegucigalpa
67%
Tehran
67%
Tunis
67%
Vienna
67%
Yamoussoukro
67%
Zagreb
67%
Doha
63%
Accra
60%
Bandar Seri Begawan
60%
Kampala
60%
Kyiv
60%
Monrovia
60%
New Delhi
60%
Pretoria, Cape Town, or Bloemfontein
60%
Saint John's
60%
South Tarawa
60%
Vaduz
60%
Dhaka
57%
Victoria
57%
Addis Ababa
50%
Bern
50%
Damascus
50%
Islamabad
50%
Luxembourg
50%
Malé
50%
Maseru
50%
Mbabane
50%
Muscat
50%
Nassau
50%
Palikir
50%
Panama City
50%
Port-of-Spain
50%
Pyongyang
50%
Roseau
50%
San José
50%
Santo Domingo
50%
São Tomé
50%
Singapore
50%
Suva
50%
Warsaw
50%
Yaren
50%
Maputo
43%
Basseterre
40%
Beirut
40%
Majuro
40%
Paramaribo
40%
Riyadh
38%
Banjul
33%
Lilongwe
33%
Tashkent
33%
Bratislava
25%
Nicosia
25%
Conakry
0%
Port-au-Prince
0%
Saint George's
0%
Tirana
0%
No matching quizzes found
Score Distribution
Percent of People with Each Score
Percentile by Number Answered
Your Score History
You have not taken this quiz